Statistics for Countries With The Highest Literacy Rates

Click here to take the quiz!

General Stats

  • This quiz has been taken 78 times
    (62 since last reset)
  • The average score is 13 of 30

Answer Stats

Literacy RateCountry% Correct
99.7%Russia
73%
99.8%Estonia
62%
99.9%Latvia
62%
99.8%Lithuania
60%
99.8%Ukraine
60%
99.7%Belarus
58%
99.8%Kazakhstan
56%
99.5%Kyrgyzstan
56%
99.7%Armenia
54%
99.8%Tajikistan
54%
99.1%Hungary
52%
99.4%Moldova
52%
99.8%Poland
52%
99.8%Azerbaijan
50%
99.8%Georgia
50%
99.2%Italy
50%
99.7%Turkmenistan
50%
100%North Korea
48%
99.7%Slovenia
48%
99.6%Uzbekistan
46%
99.3%Croatia
42%
99.8%Cuba
40%
99.0%Czech Republic
40%
99.1%Cyprus
31%
99.4%Tonga
15%
99.0%Samoa
13%
99.3%Maldives
12%
99.0%Trinidad and Tobago
12%
99.0%Antigua and Barbuda
10%
99.5%Palau
10%

Score Distribution

Percentile by Number Answered

Percent of People with Each Score

Your Score History

You have not taken this quiz since the last reset